সমাজ কল্যাণ পরিক্রমা / (Record no. 3844)

MARC details
000 -LEADER
fixed length control field 00866nam a22002177a 4500
001 - CONTROL NUMBER
control field BD-DhSAU 3844
003 - CONTROL NUMBER IDENTIFIER
control field BD-DhSAU
005 - DATE AND TIME OF LATEST TRANSACTION
control field 20150210130853.0
008 - FIXED-LENGTH DATA ELEMENTS--GENERAL INFORMATION
fixed length control field 150210s1989 bg a||||r|||| 001 0 b d
040 ## - CATALOGING SOURCE
Original cataloging agency BD-DhSAU
082 ## - DEWEY DECIMAL CLASSIFICATION NUMBER
Edition number 22
Classification number ৩০১
Item number খানস
100 ## - MAIN ENTRY--PERSONAL NAME
Personal name গফুর, এম এ
245 ## - TITLE STATEMENT
Title সমাজ কল্যাণ পরিক্রমা /
Statement of responsibility, etc. এম এ গফুর এবং এ কে এম আবদুল মান্নান
250 ## - EDITION STATEMENT
Edition statement দ্বাদশ সংস্করণ.
260 ## - PUBLICATION, DISTRIBUTION, ETC. (IMPRINT)
Place of publication, distribution, etc. ঢাকা :
Name of publisher, distributor, etc. পূবালী প্রকাশনী ,
Date of publication, distribution, etc. ১৯৮৯।
300 ## - PHYSICAL DESCRIPTION
Extent ৭০৮পৃ. :
Other physical details চিত্র. ;
Dimensions ২০ সে মি।
590 ## - Name of Cataloguer
Name of Cataloger erfat
650 ## - SUBJECT ADDED ENTRY--TOPICAL TERM
Topical term or geographic name as entry element Sociology.
650 ## - SUBJECT ADDED ENTRY--TOPICAL TERM
Topical term or geographic name as entry element সমাজবিজ্ঞান.
700 ## - ADDED ENTRY--PERSONAL NAME
Personal name মান্নান, এ কে এম আবদুল
942 ## - ADDED ENTRY ELEMENTS (KOHA)
Source of classification or shelving scheme Dewey Decimal Classification
Koha item type Book
Holdings
Withdrawn status Lost status Source of classification or shelving scheme Damaged status Not for loan Home library Branch Name Shelving location Date acquired Total Checkouts Full call number Barcode Date last seen Price effective from Koha item type Collection code
    Dewey Decimal Classification     SAU Library SAU Library General Stacks 26/06/1989   ৩০১ খানস 12970 10/02/2015 10/02/2015 Book  
    Dewey Decimal Classification     SAU Library SAU Library General Stacks 26/06/1989   ৩০১ খানস 12969 10/02/2015 10/02/2015 Book  
    Dewey Decimal Classification     SAU Library SAU Library General Stacks 26/06/1989   ৩০১ খানস 12974 10/02/2015 10/02/2015 Book  
    Dewey Decimal Classification     SAU Library SAU Library General Stacks 26/06/1989   ৩০১ খানস 12967 10/02/2015 10/02/2015 Book  
    Dewey Decimal Classification     SAU Library SAU Library General Stacks 26/06/1989   ৩০১ খানস 12975 10/02/2015 10/02/2015 Book  
    Dewey Decimal Classification     SAU Library SAU Library General Stacks 26/06/1989   ৩০১ খানস 12971 10/02/2015 10/02/2015 Book  
    Dewey Decimal Classification     SAU Library SAU Library General Stacks 26/06/1989   ৩০১ খানস 12972 10/02/2015 10/02/2015 Book  
    Dewey Decimal Classification   Not For Loan SAU Library SAU Library Reference 26/06/1989   ৩০১ খানস 12966 30/05/2015 30/05/2015 Book Reference